LIBRARY ONLINE CATALOGUE

Professional communication / (Record no. 11424)

MARC details
000 -LEADER
fixed length control field 00581nam a22002052 4500
001 - CONTROL NUMBER
control field 0000021308
005 - DATE AND TIME OF LATEST TRANSACTION
control field 20151217154454.0
008 - FIXED-LENGTH DATA ELEMENTS--GENERAL INFORMATION
fixed length control field 120313s xx 000 0 eng d
020 ## - INTERNATIONAL STANDARD BOOK NUMBER
International Standard Book Number 0070660026 :
040 ## - CATALOGING SOURCE
Original cataloging agency KABU
Transcribing agency KABU
100 1# - MAIN ENTRY--PERSONAL NAME
Personal name Koneru, Aruna.
-- 0000182124
245 10 - TITLE STATEMENT
Title Professional communication /
Statement of responsibility, etc. Aruna Koneru.
250 ## - EDITION STATEMENT
Edition statement 1st ed.
260 ## - PUBLICATION, DISTRIBUTION, ETC. (IMPRINT)
Place of publication, distribution, etc. New Delhi :
Name of publisher, distributor, etc. Tata McGraw-Hill,
Date of publication, distribution, etc. 2008.
300 ## - PHYSICAL DESCRIPTION
Extent xx, 500 p.
650 #0 - SUBJECT ADDED ENTRY--TOPICAL TERM
Topical term or geographic name as entry element Communication.
-- 0000151592
852 1# - LOCATION
-- p4930 KES
908 ## - PUT COMMAND PARAMETER (RLIN)
Put command parameter 120313
950 ## - LOCAL HOLDINGS (RLIN)
-- 1
Holdings
Withdrawn status Lost status Source of classification or shelving scheme Not for loan Home library Current library Date acquired Total Checkouts Total Renewals Full call number Barcode Date last seen Date last checked out Price effective from Koha item type
    Library of Congress Classification   Kabarak, Main Campus Kabarak, Main Campus 17/12/2015 12 2 HF5718 .K66 2008 c. 1 20738 07/06/2026 26/05/2026 17/12/2015 General Collection